Florence Pugh Movies - Statistics

General Stats
  • This quiz has been taken 82 times
    65 since last reset
  • The average score is 9 of 19
Answer Stats
Hint Answer % Correct
2021 Black Widow
90%
2019 Little Women
90%
2019 Midsommar
90%
2022 Don't Worry Darling
81%
2023 Oppenheimer
63%
2016 Lady McBeth
62%
2019 Fighting With My Family
60%
2022 The Wonder
50%
2024 Thunderbolts
44%
2023 A Good Person
42%
2018 Outlaw King
38%
2014 The Falling
37%
2018 Malevolent
35%
2023 Dune: Part Two
29%
2022 Puss in Boots: The Last Wish
25%
2018 The Commuter
23%
2018 King Lear
19%
2015 Studio City
6%
TBD The Maid
6%
No matching quizzes found
Score Distribution
Percent of People with Each Score
Percentile by Number Answered
Your Score History
You have not taken this quiz since the last reset